Countries with the Most Computers per Capita - Statistics

General Stats
  • This quiz has been taken 46 times
  • The average score is 7 of 10
Answer Stats
# of computers per 100 people Answer % Correct
57 USA
95%
42 Canada
91%
47 Australia
77%
65 Switzerland
74%
49 Norway
70%
51 Sweden
67%
51 Denmark
65%
46 Luxembourg
63%
48 Singapore
60%
48 Bermuda
5%
No matching quizzes found
Score Distribution
Percent of People with Each Score
Percentile by Number Answered
Your Score History
You have not taken this quiz